000 00812nam a2200217 i 4500
001 13281
003 ES-MaACL
005 20250822190451.0
007 t|
008 980121s1997 sp ||||1| spa d
020 _a84-88973-53-5
080 _a929 Gutiérrez, Benito
100 1 _aDomínguez Nafría, Juan Carlos.
_945231
245 1 3 _aEl jurisconsulto Benito Gutiérrez entre la historia y la razón /
_cJuan Carlos Domínguez Nafría.
260 _aMadrid :
_bColegio de Registradores de la Propiedad y Mercantiles de España,
_cD.L. 1997.
300 _a303 p. :
_bil. ;
_c20 cm.
600 1 4 _aGutiérrez Fernández, Benito,
_d1826-1885
_961147
710 2 _aColegio de Registradores de la Propiedad y Mercantiles de España.
_92938
852 _aES-MaACL
_jL-20578
_bR.126391
999 _c13281
_d13281